000 00576nam a22001937a 4500
003 OSt
005 20250612164137.0
008 231027b ||||| |||| 00| 0 eng d
040 _cAL
041 _akan
082 _223
_aK894.3
_bREKN
100 _aRekha Khakhandaki
_9214732
100 _9214695
_bರೇಖಾ ಕಾಖಂಡಕಿ
245 _aNeenilllada ee Jivana
_bನೀನಿಲ್ಲದ ಈ ಜೀವನ
260 _aBengaluru
_bDivyachandra Prakashana
_c1990
650 _aKannada Fiction
_9139746
650 _aKannada Literature
_9139747
942 _2ddc
_cBK
999 _c229041
_d229041